000 05672cam a22013814i 4500
003 PE-LiUPU
005 20250813185407.0
008 170831s2017 sp a rb 001 0 spa d
020 _a8416781214
020 _a9788416781218
035 _a(Sirsi) a238372
040 _aPE-LiUPU
_bspa
_cPE-LiUPU
_erda
041 1 _aspa
_heng
049 _aPRUA
082 0 4 _a362.1068
_bT48
_220
245 0 0 _aManual Washington de calidad en la atención y seguridad del paciente /
_cThomas M. de Fer.
264 1 _aEspaña :
_bwolters Kluwer,
_c2017.
300 _a366 páginas :
_bilustraciones ;
_c21centimetros
336 _atext
_2rdacontent
337 _aunmediated
_2rdamedia
338 _avolume
_2rdacarrier
504 _aBibliografía : página G -10.
504 _aÍndices: páginas I-1 - I-16.
505 0 _aIntroducción a la seguridaddel pacientey la mejora de la calidad -- Intruducción a la mejora de la calidad -- Creación de alta fiabilidad en el sistema de atención sanitaria -- Herramientas para la mejora de la calidad y la seguridad del paciente -- Modelo de calidad -- Responsabilidad e informes -- Tecnología de la información en la atención sanitaria -- Daño prevenible -- Infecciones asociadas a la atención sanitaria -- Codificación y documentación -- Intruducción a la seguridad del paciente -- Cultura de la seguridad -- Análisis de eventos -- Revelación de eventos adversos y errores médicos: apoyo para el paciente, la familia y el profecional sanitario -- Trabajo en equipo y comunicación -- Factores humanos -- Cognición y toma de decisiones -- Herramientas para mejorar la seguridad de los pacientes -- Cirugía y áreas de procedimientos -- Establecimiento de un programa de seguridad del paciente y mejora de la calidad en obstetricia -- Seguridad del paciente y mejora de la calidad en la anestesia -- Cuidados intensivos -- Seguridad del paciente en el servicio de urgencias -- Seguridad del paciente en pediatría -- Imagenología médica -- Seguridad del paciente y calidad en la atención ambulatoria -- Aspectos de la seguridad del paciente específicos para psiquiatría -- Servicios de laboratorio, medicina de transfusión y patología -- Seguridad farmacológica -- Transiciones en la atención y reingresos -- Seguridad del paciente en oncología radioterápica
526 _aP202
526 _aP201
526 _aP163
526 _aP162
526 _aP161
526 _aP160
526 _aP148
526 _aP147
526 _aP146
526 _aP145
526 _aP144
526 _aP143
526 _aP142
526 _aP141
526 _aP140
526 _aP139
526 _aP138
526 _aP137
526 _aP136
526 _aP135
526 _aP134
526 _aP133
526 _aP129
526 _aP128
526 _aP127
526 _aP120
526 _aP119
526 _aP118
526 _aP116
526 _aP115
526 _aP114
526 _aP110
526 _aP109
526 _aP108
526 _aP104
526 _aP103
526 _aP102
526 _aP99
526 _aP98
526 _aP97
526 _aP96
526 _aP95
526 _aP93
526 _aP90
526 _aP89
526 _aP88
526 _aP83
526 _aP82
526 _aP62
526 _aP59
526 _aP58
526 _aP57
526 _aP51
526 _aP49
526 _aP48
526 _aP47
526 _aP29
526 _aP24
526 _aP20
526 _aP19
526 _aP17
526 _aP15
526 _aP14
526 _aP12
526 _aP10
526 _aP09
526 _aP08
526 _aP07
526 _aP06
526 _aP05
526 _aP04
526 _aP01
526 8 _iPrograma académico :
_5PE-LiUPU
526 8 _iPrograma académico :
_5PE-LiUPU
534 _pTítulo original :
_twashington Manual of Patient Safety and Quality Improvement
541 _g0001-000544;
541 _g0001-000549;
650 0 4 _aCalidad
650 0 4 _aSeguridad del Paciente
650 0 4 _aAtención sanitaria
700 1 _aDe Fer, Thomas M.,
_eeditor.
910 _ajck
_bjvq
_cksl
_d20170831
910 _adbm
_bncf
_cncf
_d20171128
942 _2ddc
_cBOOK
949 _a362.1068 T48
_wDEWEY
_c1
_i76854
_lCATALOGING
_mBUL
_p65.93
_r0
_sY
_tBOOK
_u2017-08-31
_xSALUD
_PP22
_0COMPRA
_o.CIRCNOTE. El documento es de alto precio.
_o.STAFF. Colección Ciencias de la Salud
949 _a362.1068 T48
_wDEWEY
_c2
_i76855
_lCATALOGING
_mBUL
_p65.93
_r0
_sY
_tBOOK
_u2017-08-31
_xSALUD
_PP22
_0COMPRA
_o.CIRCNOTE. El documento es de alto precio.
_o.STAFF. Colección Ciencias de la Salud
994 _aC0
_bPEPRU
596 _a1
999 _a362.1068 T48
_wLC
_c25055
_i76854
_f2021-11-3
_g4
_lCCODEBUL1
_mBUL
_p65.93
_r0
_sY
_tBOOK
_u2017-8-31
_xSALUD
_zP22
_0COMPRA
_o.STAFF. Colección Ciencias de la Salud
_d25055
999 _a362.1068 T48
_wLC
_c2
_i76855
_f2021-11-3
_g4
_lCCODEBUL1
_mBUL
_p65.93
_r0
_sY
_tBOOK
_u2017-8-31
_xSALUD
_zP22
_0COMPRA
_o.STAFF. Colección Ciencias de la Salud
999 _a362.1068 T48
_wLC
_c3
_i77277
_f2021-11-3
_g4
_lCCODEBUL1
_mBUL
_p66.45
_r0
_sY
_tBOOK
_u2017-11-28
_xSALUD
_zP22
_0COMPRA
_o.STAFF. Colección Ciencias de la Salud
999 _a362.1068 T48
_wLC
_c4
_i77309
_f2021-11-3
_g4
_lCCODEBUL1
_mBUL
_p66.45
_r0
_sY
_tBOOK
_u2017-12-4
_xSALUD
_zP69
_0COMPRA
_o.STAFF. Colección Ciencias de la Salud
980 _81
_gALBERTO SANCHEZ Responsable de Automatización